000
00326nam a2200133Ia 4500
008
240624s9999 xx 000 0 und d
041
_a
eng
082
_a
333.790973 LIT
100
_a
LITTLE AMANDA
245
_a
POWER TRIP
260
_c
2009
_a
London
_b
Harper Press
300
_a
xvii, : 446 : p. : cm. ; 19
365
_c
RS
_b
20
999
_c
15813
_d
15813